000 00274nam a2200121 a 4500
008 101022s1973|||| d
245 1 0 _aDetektív Aniskin
100 1 _aLipatov, Viľ
260 _bObzor
_aBratislava
_c1973
044 _axo
_cSK
020 _c18
041 _aslo
999 _c12083
_d12083